000 00210nam a2200085Ia 4500
008 120527s9999 xx 000 0 und d
100 _aCooms, H. Robert
245 _aHandbook of drug abuse prevention
942 _cBK
999 _c27695
_d27695